Score 0/20 Timer 02:00
0 Plays Today
Clue 4-Letter Word % Correct
A tuft or ringlet of hairLOCK
91.1%
The ___ Ness MonsterLOCH
91.1%
Popular alcoholBEER
89.3%
A purple-red edible rootBEET
87.5%
Ascertain with the eyesLOOK
83.8%
Ursine animalBEAR
83.6%
An Irish county or bottle stopperCORK
82.7%
★ Relative of a dweeb ★DORK
81%
Shakespearean kingLEAR
78.1%
'The ___, the Thief, His Wife, and Her Lover'COOK
74.9%
Clue 4-Letter Word % Correct
★ Relative of a dweeb ★NERD
72.9%
Christmas leaper?LORD
69.4%
Symbol of WalesLEEK
66.5%
Jacob's non-Rachel wifeLEAH
66%
★ Relative of a dweeb ★GEEK
64.9%
Solidarity founder WalesaLECH
64.8%
Style of speech for gamers?LEET
61.2%
The opposite of sud, in StrasbourgNORD
57.2%
Actor Michael who plays Worf on 'Star Trek'DORN
37.5%
Desolate or forsakenLORN
36.9%

Today's Daily Dose

Missing Word
'T' Pairs

Word Ladder
Game Pieces

Get the Picture
Baseball Movies

Remove Ads.
Support Sporcle.
Get the best of Sporcle when you Go Orange. This ad-free experience offers more features, more stats, and more fun while also helping to support Sporcle. Thank you for becoming a member.

You're not logged in!

Compare scores with friends on all Sporcle quizzes.
OR
Log In

Show Comments

Extras

Top Quizzes Today


Score Distribution

Your Account Isn't Verified!

In order to create a playlist on Sporcle, you need to verify the email address you used during registration. Go to your Sporcle Settings to finish the process.

Report this User

Report this user for behavior that violates our Community Guidelines.

Details: